Taylor Swift - Paroles Cruel Summer - Statistiques

Statistiques générales
  • Ce quiz a été pris 262 fois
  • Le résultat moyen est 323 sur 411
Statistiques - réponses
Hint Réponse % Correct
I
99%
"I
99%
a
96%
in
96%
In
96%
oh
96%
Refrain Oh,
96%
(oh)
96%
ooh,
96%
the
96%
whoa,
96%
whoa
96%
You
96%
you
96%
you",
96%
it
95%
(oh)
95%
cruel
94%
of
94%
summer
94%
car
92%
back
91%
Refrain And
90%
that
90%
drunk
89%
I'm
88%
"I'm
88%
it's
88%
It's
88%
like
88%
baby
87%
He
87%
to
87%
But
86%
but
86%
true
86%
wasn't
86%
night
85%
don't
83%
keep
83%
love
83%
bar
82%
fine",
82%
just
82%
blue,
81%
with
81%
With
81%
your
81%
devil
80%
body
79%
ever
79%
from
79%
What
79%
what
79%
cried
78%
coming
77%
got
77%
know
77%
new,
77%
Said,
77%
shape
77%
want
77%
secrets
75%
for
74%
home
74%
thing
74%
wanna
74%
me
73%
No
73%
be
72%
gate
72%
heard?
72%
worst
72%
dream
71%
feeling
71%
garden
71%
my
71%
Every
70%
high
69%
looks
68%
cool,
66%
dice,
66%
I've
66%
kill
66%
rules
66%
rules,
66%
that's
66%
whatever
66%
angels
65%
eyes
65%
ain't
64%
roll
64%
tell
64%
more
63%
up
63%
fate
62%
screamed
62%
window
62%
worth
62%
Bad,
60%
bad
60%
their
60%
makes
59%
boy
58%
doesn't
58%
quiet
58%
Devils
57%
always
56%
heaven
56%
slow,
56%
grinning
55%
seal
54%
snuck
53%
bought
52%
through
52%
waiting
52%
last
51%
toy
51%
breakable
50%
machine
50%
below
49%
not
49%
Shiny
49%
Pre-refrain Killing
48%
out
48%
price
48%
caught
47%
Couplet 1 Fever
47%
Pre-refrain So
47%
cut
46%
'em
46%
if
46%
head
45%
vending
44%
dying
43%
say
43%
you'll
43%
low
41%
trying
41%
bleed,
39%
knife
37%
glow
36%
We're
36%
summer's
34%
bone
31%
times
30%
screw
28%
we'll
27%
Couplet 2 Hang
26%
these
25%
headlights,
19%
Aucun quiz correspondant
Distribution des résultats
% des personnes avec chaque résultat
Percentile par nombre de réponses
Votre historique - résultats
Vous n’avez pas pris ce quiz